[Event "SVK-ch U18/20"]
[Site "Stara Lubovna"]
[Date "2021.06.29"]
[Round "5"]
[White "Ihnat, Anton"]
[Black "Gzib, David"]
[Result "0-1"]
[WhiteElo "1509"]
[BlackElo "2039"]
[PlyCount "172"]
[EventDate "2021.06.26"]
[EventType "swiss"]
[EventRounds "9"]
[EventCountry "SVK"]
[SourceTitle "CBM 203 Extra"]
[Source "ChessBase"]
[SourceDate "2021.09.30"]
[SourceVersion "1"]
[SourceVersionDate "2021.09.30"]
[SourceQuality "1"]

1. e4 c5 2. Nf3 g6 3. d4 cxd4 4. Nxd4 Bg7 5. Nc3 Nc6 6. Be3 Nf6 7. f3 d5 8. Bb5 Bd7 9. exd5 Nb4 10. Qd2 Nfxd5 11. Nxd5 Nxd5 12. Bxd7+ Qxd7 13. c3 Nxe3 14. Qxe3 0-0 15. 0-0 Bxd4 16. Qxd4 Qxd4+ 17. cxd4 Rfd8 18. Rfd1 Rd7 19. Rd2 Rad8 20. Rad1 Rd5 21. Kf2 R8d6 22. Ke3 Ra6 23. a3 Rc6 24. Ke4 e6 25. Rd3 Rb6 26. R3d2 Rdb5 27. Rb1 Rb3 28. Rc2 Rxa3 29. Rc7 Rab3 30. Rbc1 Rxb2 31. Rd7 Rc6 32. Rxb7 Re2+ 33. Kd3 Rxc1 34. Kxe2 Rc2+ 35. Kf1 a5 36. Ra7 Ra2 37. h4 a4 38. Kg1 a3 39. Ra5 Ra1+ 40. Kh2 a2 41. Kg3 Kg7 42. Kf2 Kf6 43. Kg3 h6 44. Kf4 g5+ 45. hxg5+ hxg5+ 46. Kg4 Rd1 47. Rxa2 Rxd4+ 48. Kg3 Ke5 49. Ra5+ Rd5 50. Ra7 f5 51. Ra4 Kf6 52. Rb4 Rd2 53. Rb8 f4+ 54. Kh3 Rd7 55. Kg4 Rd2 56. Kh3 Rd1 57. Kh2 Rd7 58. Rh8 Kg6 59. Rg8+ Rg7 60. Re8 Rh7+ 61. Kg1 Kf6 62. Rf8+ Rf7 63. Rg8 e5 64. Kf2 Rg7 65. Rf8+ Ke7 66. Ra8 Rg6 67. Ra7+ Kf6 68. Ra6+ Kf5 69. Ra5 g4 70. Ra8 g3+ 71. Kg1 Rb6 72. Ra1 Rb2 73. Re1 Rd2 74. Kf1 Rf2+ 75. Kg1 Ke6 76. Re4 Kd5 77. Re1 Rd2 78. Kf1 Kd4 79. Re4+ Kd5 80. Re1 Rd3 81. Kg1 Rd4 82. Kf1 Rd2 83. Kg1 Kd4 84. Kf1 Rf2+ 85. Kg1 Rc2 86. Kf1 Rc5 0-1

[Event "SVK-ch U18/20"]
[Site "Stara Lubovna"]
[Date "2021.06.26"]
[Round "1"]
[White "Popovic, Martin"]
[Black "Ihnat, Anton"]
[Result "1-0"]
[WhiteElo "2028"]
[BlackElo "1509"]
[PlyCount "51"]
[EventDate "2021.06.26"]
[EventType "swiss"]
[EventRounds "9"]
[EventCountry "SVK"]
[SourceTitle "CBM 203 Extra"]
[Source "ChessBase"]
[SourceDate "2021.09.30"]
[SourceVersion "1"]
[SourceVersionDate "2021.09.30"]
[SourceQuality "1"]

1. e4 e5 2. Nf3 Nc6 3. Bb5 a6 4. Ba4 Nf6 5. d3 Bc5 6. c3 b5 7. Bb3 h6 8. 0-0 0-0 9. d4 exd4 10. cxd4 Bb6 11. e5 Nh7 12. d5 Ne7 13. d6 cxd6 14. exd6 Ng6 15. Qd3 Qf6 16. Bd5 Rb8 17. Nc3 Ne5 18. Nxe5 Qxe5 19. g3 Nf6 20. Bf4 Qd4 21. Qf5 g6 22. Qxg6+ Kh8 23. Bxf7 Rxf7 24. Qxf7 Ng4 25. Qf8+ Kh7 26. Qf5+ 1-0